5HLuxD.jpg

KING HENRY VIII SENIOR AND PRIMARY SCHOOL LIBRARY OPAC

Matched / (Record no. 81)

000 -LEADER
fixed length control field 00846nam a2200301 a 4500
001 - CONTROL NUMBER
control field 017651530
003 - CONTROL NUMBER IDENTIFIER
control field UkOxU
005 - DATE AND TIME OF LATEST TRANSACTION
control field 20190725092955.0
008 - FIXED-LENGTH DATA ELEMENTS--GENERAL INFORMATION
fixed length control field 110310r20112010enk j 000|f eng|d
015 ## - NATIONAL BIBLIOGRAPHY NUMBER
National bibliography number GBB133813
Source bnb
020 ## - INTERNATIONAL STANDARD BOOK NUMBER
International Standard Book Number 9780141334783 (pbk.) :
020 ## - INTERNATIONAL STANDARD BOOK NUMBER
International Standard Book Number 0141334789 (pbk.) :
035 ## - SYSTEM CONTROL NUMBER
System control number (Uk)015771468
035 ## - SYSTEM CONTROL NUMBER
System control number (UkLCURL)99015771468
038 ## - RECORD CONTENT LICENSOR
Record content licensor Uk
040 ## - CATALOGING SOURCE
Original cataloging agency StDuBDS
Language of cataloging eng
Transcribing agency StDuBDS
Modifying agency UkOxU
049 ## - LOCAL HOLDINGS (OCLC)
Local processing data b
Missing elements -
082 04 - DEWEY DECIMAL CLASSIFICATION NUMBER
Classification number FIC CON
Edition number 22
090 ## - LOCALLY ASSIGNED LC-TYPE CALL NUMBER (OCLC); LOCAL CALL NUMBER (RLIN)
Classification number (OCLC) (R) ; Classification number, CALL (RLIN) (NR) BNB
100 1# - MAIN ENTRY--PERSONAL NAME
Personal name Condie, Allyson Braithwaite.
Relator term author
245 10 - TITLE STATEMENT
Title Matched /
Statement of responsibility, etc. Ally Condie.
260 ## - PUBLICATION, DISTRIBUTION, ETC.
Place of publication, distribution, etc. London :
Name of publisher, distributor, etc. Razorbill/Penguin,
Date of publication, distribution, etc. 2011.
300 ## - PHYSICAL DESCRIPTION
Extent 366 p. ;
Dimensions 20 cm.
500 ## - GENERAL NOTE
General note Originally published: New York: Duttonl London: Razorbill, 2010.
650 #0 - SUBJECT ADDED ENTRY--TOPICAL TERM
Topical term or geographic name entry element Social control
Form subdivision Fiction.
942 ## - ADDED ENTRY ELEMENTS (KOHA)
Source of classification or shelving scheme
Koha item type Books - Fiction
Holdings
Withdrawn status Lost status Source of classification or shelving scheme Damaged status Not for loan Collection code Permanent Location Current Location Shelving location Date acquired Full call number Barcode Date last seen Price effective from Koha item type
          Fiction KH8 Senior School Library KH8 Senior School Library Fiction 2019-07-25 FIC CON 3KHSL000100202 2024-07-16 2019-07-25 Books - Fiction

Powered By KH8 IT Dept